Right pathway; ethical and moral values for all ages in the light of quranic verses (Record no. 327505)
[ view plain ]
| 000 -LEADER | |
|---|---|
| fixed length control field | 00397 a2200133 4500 |
| 001 - CONTROL NUMBER | |
| control field | 92432 |
| 082 ## - DEWEY DECIMAL CLASSIFICATION NUMBER | |
| Classification number | 297.5 RAF |
| 090 ## - LOCALLY ASSIGNED LC-TYPE CALL NUMBER (OCLC); LOCAL CALL NUMBER (RLIN) | |
| -- | 44405 |
| -- | 44406 |
| 100 ## - MAIN ENTRY--PERSONAL NAME | |
| Personal name | Rafi Muhammad Prof |
| 245 ## - TITLE STATEMENT | |
| Title | Right pathway; ethical and moral values for all ages in the light of quranic verses |
| 260 ## - PUBLICATION, DISTRIBUTION, ETC. | |
| Place of publication, distribution, etc. | Lahore |
| Name of publisher, distributor, etc. | Paramount Books |
| Date of publication, distribution, etc. | 2015 |
| 300 ## - PHYSICAL DESCRIPTION | |
| Extent | 267 p. |
| 650 ## - SUBJECT ADDED ENTRY--TOPICAL TERM | |
| Topical term or geographic name entry element | ethical and moral values - quranic verses |
| 942 ## - ADDED ENTRY ELEMENTS (KOHA) | |
| Institution code [OBSOLETE] | CAE NUST |
| Call number prefix | 297.5 RAF |
| Withdrawn status | Lost status | Damaged status | Not for loan | Collection code | Permanent Location | Current Location | Date acquired | Total Checkouts | Full call number | Barcode | Date last seen | Price effective from | Koha item type |
|---|---|---|---|---|---|---|---|---|---|---|---|---|---|
| College of Aeronautical Engineering (CAE) | College of Aeronautical Engineering (CAE) | 04/03/2017 | 297.5 RAF | CAE88652 | 04/05/2017 | 04/05/2017 | Book |
